1737 1456 1614 1769 1621 1013 1865 1346 1430 1024 1813 1722 1543 1862 1077 1666 1120 1233 1072 1949 1776 1111 1159 1871 1731 1202 1098 1179 1323 1287 1485 1214 1075 1340 1449 1842 1251 1866 1410 1000 1632 1684 1127 1372 1904 1850 1613 1995 1511 1836 1623 1185 1631 1285 1788 1181 1489 1149 1727 1065 1180 1018 1980 1481 1347 1451 1995 1844 1687 1666 1414 1893 1711 1519 1563 1068 1499 1536 1099 1969 1333 1416 1055 1953 1389 1215 1465 1707 1150 1614 1809 1456 1770 1787 1008 1316 1175 1670 1993 BCNSPRNW ULIB Ver.6.0+V

เปลี่ยนเป็นภาษาไทย

Change to English
 แสดงรายละเอียดบรรณานุกรม
  กลับหน้าหลัก

Brief Record : Get Marc (ISO 2709) : E-mail record : QR code < ปิดหน้าต่าง
LEADER : 00000nam 2200000uu 4500
001    13399113188
003     ULIB
008    111003s2549||||th 000 0 tha d
020    9741304501
050  4 QA276^bก411ห 2549
100 0  กัลยา วานิชย์บัญชา
245 10 หลักสถิติ /^cกัลยา วานิชย์บัญชา
250    พิมพ์ครั้งที่ 8
260    กรุงเทพฯ :^bโรงพิมพ์แห่งจุฒาลงกรณ์มหาวิทยาลัย,^c2549
300    491 หน้า :^bภาพประกอบ
650  4 สถิติ
650  4 คณิตศาสตร์สถิติ
650  4 สถิติศาสตร์
710 2  จุฬาลงกรณ์มหาวิทยาลัย. ^bคณะพาณิชยศาสตร์และการบัญชี.^bภาควิชาสถิติ
945    ^p290^l0^i012989
945    ^p290^l0^i012990
945    ^p290^l0^i012991
945    ^p290^l0^i021694
945    ^p290^l0^i021695
945    ^p290^l0^i021696
995    ทศพร
999 ^a ทศพร
รายการนี้ยังไม่มีแท็ก
คุณยังไม่ได้ล็อกอิน คุณสามารถมีกิจกรรมร่วมกับเว็บไซต์ได้ แต่ต้องล็อกอินก่อน ::
  ล็อกอิน

รายการสื่อสารสนเทศ

ลำดับที่ ประเภท เลขเรียก/บาร์โค้ด สถานที่ สถานะ
- ไม่พบข้อมูล -

รายการใกล้เคียง
    ผู้แต่ง [กัลยา วานิชย์บัญชา]

    หัวเรื่อง [สถิติ]
    หัวเรื่อง [คณิตศาสตร์สถิติ]
    หัวเรื่อง [สถิติศาสตร์]

BibComment


ยังไม่เคยถูกคอมเมนท์

คอมเมนท์ทรัพยากรรายการนี้
  คอมเมนท์: หลักสถิติ กัลยา ..


 Copyright 2026. Bcnsprnw @Library